August Macke und die frühe Moderne in Europa : [anlässlich der Ausstellung "August Macke und die Frühe Moderne in Europa" im Westfälischen Landesmuseum für Kunst und Kulturgeschichte Münster vom 18. November 2001 bis 17. Februar 2002 und im Kunstmuseum Bonn vom 14. März bis 2. Juni 2002]
Rez.: Erscheint: November 2001
Saved in:
| Main Authors: | |
|---|---|
| Other Authors: | |
| Document Type: | Conference Proceeding Book |
| Language: | German |
| Published: |
Ostfildern-Ruit
: Hatje Cantz
, 2001
|
| Subjects: | |
| Online Access: | Inhaltsverzeichnis Inhaltsverzeichnis |
| Related Items: | Rezensiert in:
[Rezension von: Ursula Heiderich, Erich Franz (Red.), August Macke und die frühe Moderne in Europa] |
| Author Notes: | [Hrsg. Westfälisches Landesmuseum für Kunst und Kulturgeschichte Münster ... Red.: Ursula Heiderich ...] |
| LEADER | 05771cam a2201117 c 4500 | ||
|---|---|---|---|
| 001 | 336205643 | ||
| 003 | DE-627 | ||
| 005 | 20260416092442.0 | ||
| 007 | tu | ||
| 008 | 011108s2001 gw ||||| c 00| ||ger c | ||
| 015 | |a 01,N47,0441 |2 dnb | ||
| 015 | |a 02,A09,1410 |2 dnb | ||
| 016 | 7 | |a 962906379 |2 DE-101 | |
| 020 | |a 3775711465 |q Ln. |9 3-7757-1146-5 | ||
| 024 | 3 | |a 9783775711463 | |
| 035 | |a (DE-627)336205643 | ||
| 035 | |a (DE-603)101318421 | ||
| 035 | |a (DE-576)09570907X | ||
| 035 | |a (DE-599)GBV336205643 | ||
| 035 | |a (OCoLC)231886233 | ||
| 035 | |a (OCoLC)314104208 | ||
| 035 | |a (DE-478)952206948 | ||
| 040 | |a DE-627 |b ger |c DE-627 |e rakwb | ||
| 041 | |a ger | ||
| 044 | |c XA-DE |c XA-DE-BW |c XA | ||
| 050 | 0 | |a ND588.M13 | |
| 084 | |a Rmm |2 asb | ||
| 084 | |a RYB 25 Macke, August |2 ssd | ||
| 084 | |a KU 840 MAC |2 sfb | ||
| 084 | |a K 911 Macke, A. |2 kab | ||
| 084 | |a 46 |2 sdnb | ||
| 084 | |a 9,10 |2 ssgn | ||
| 084 | |a LI 55550 |2 rvk |0 (DE-625)rvk/96542: | ||
| 084 | |a 20.31 |2 bkl | ||
| 084 | |a 21.02 |2 bkl | ||
| 245 | 0 | 0 | |a August Macke und die frühe Moderne in Europa |b [anlässlich der Ausstellung "August Macke und die Frühe Moderne in Europa" im Westfälischen Landesmuseum für Kunst und Kulturgeschichte Münster vom 18. November 2001 bis 17. Februar 2002 und im Kunstmuseum Bonn vom 14. März bis 2. Juni 2002] |c [Hrsg. Westfälisches Landesmuseum für Kunst und Kulturgeschichte Münster ... Red.: Ursula Heiderich ...] |
| 263 | |a ca. DM 98.00 | ||
| 264 | 1 | |a Ostfildern-Ruit |b Hatje Cantz |c 2001 | |
| 300 | |a 344 Seiten |b Illustrationen |c 29 cm | ||
| 336 | |a Text |b txt |2 rdacontent | ||
| 336 | |a unbewegtes Bild |b sti |2 rdacontent | ||
| 337 | |a ohne Hilfsmittel zu benutzen |b n |2 rdamedia | ||
| 338 | |a Band |b nc |2 rdacarrier | ||
| 500 | |a Literaturverz. S. 337 - 338 | ||
| 520 | |a Rez.: Erscheint: November 2001 | ||
| 583 | 1 | |a Archivierung/Langzeitarchivierung gewährleistet |f PEBW |x XA-DE-BW |2 pdager |5 DE-24 | |
| 583 | 1 | |a Archivierung/Langzeitarchivierung gewährleistet |f SSG |x XA-DE-BW |2 pdager |5 DE-16 | |
| 600 | 1 | 0 | |a Macke, August |x Exhibitions |
| 600 | 1 | 7 | |0 (DE-588)118575864 |0 (DE-627)211414239 |0 (DE-576)16207252X |a Macke, August |d 1887-1914 |2 gnd |
| 650 | 0 | |a Modernism (Art) |x Exhibitions |x Influence |x Europe | |
| 650 | 0 | 7 | |0 (DE-588)4037220-0 |0 (DE-627)10623871X |0 (DE-576)209022892 |a Malerei |2 gnd |
| 650 | 4 | |a Macke, August | |
| 650 | 4 | |a Ausstellung | |
| 650 | 4 | |a Münster <Westfalen, 2001> | |
| 650 | 4 | |a Kunst | |
| 650 | 4 | |a Geschichte 1900-1915 | |
| 651 | 7 | |0 (DE-588)4015701-5 |0 (DE-627)104289007 |0 (DE-576)208913092 |a Europa |2 gnd | |
| 655 | 7 | |a Ausstellungskatalog |y 2001 |z Münster, Westfalen |0 (DE-588)4135467-9 |0 (DE-627)10566491X |0 (DE-576)209660988 |2 gnd-content | |
| 655 | 7 | |a Ausstellungskatalog |0 (DE-588)4135467-9 |0 (DE-627)10566491X |0 (DE-576)209660988 |2 gnd-content | |
| 655 | 7 | |a Bildband |0 (DE-588)4145395-5 |0 (DE-627)104450835 |0 (DE-576)209741139 |2 gnd-content | |
| 655 | 7 | |a Ausstellungskatalog |x Kunstmuseum Bonn |y 14.03.-02.06.2002 |0 (DE-588)4135467-9 |0 (DE-627)10566491X |0 (DE-576)209660988 |2 gnd-content | |
| 655 | 7 | |a Ausstellungskatalog |y 2001-2002 |z Münster, Westfalen |0 (DE-588)4135467-9 |0 (DE-627)10566491X |0 (DE-576)209660988 |2 gnd-content | |
| 655 | 7 | |a Ausstellungskatalog |y 2002 |z Bonn |0 (DE-588)4135467-9 |0 (DE-627)10566491X |0 (DE-576)209660988 |2 gnd-content | |
| 689 | 0 | 0 | |d p |0 (DE-588)118575864 |0 (DE-627)211414239 |0 (DE-576)16207252X |a Macke, August |d 1887-1914 |2 gnd |
| 689 | 0 | 1 | |d s |0 (DE-588)4037220-0 |0 (DE-627)10623871X |0 (DE-576)209022892 |a Malerei |2 gnd |
| 689 | 0 | |5 DE-101 | |
| 689 | 1 | 0 | |d g |0 (DE-588)4015701-5 |0 (DE-627)104289007 |0 (DE-576)208913092 |a Europa |2 gnd |
| 689 | 1 | 1 | |a z |2 gnd |a Geschichte 1900-1915 |
| 689 | 1 | |5 DE-101 | |
| 689 | 2 | 0 | |a z |2 gnd |a Geschichte 1900-1915 |
| 689 | 2 | |5 (DE-627) | |
| 700 | 1 | |a Macke, August |d 1887-1914 |e KünstlerIn |0 (DE-588)118575864 |0 (DE-627)211414239 |0 (DE-576)16207252X |4 art | |
| 700 | 1 | |a Franz, Erich |d 1944- |e VerfasserIn |0 (DE-588)120729059 |0 (DE-627)080854605 |0 (DE-576)383407788 |4 aut | |
| 700 | 1 | |a Adolphs, Volker |d 1957- |e VerfasserIn |0 (DE-588)112609945 |0 (DE-627)60258230X |0 (DE-576)167434799 |4 aut | |
| 700 | 1 | |a Heiderich, Ursula |d 1943- |e HerausgeberIn |0 (DE-588)1057055824 |0 (DE-627)795591055 |0 (DE-576)161352081 |4 edt | |
| 710 | 2 | |a Westfälisches Landesmuseum für Kunst und Kulturgeschichte |0 (DE-588)2035330-3 |0 (DE-627)102538956 |0 (DE-576)191863327 |4 oth | |
| 710 | 2 | |a Kunstmuseum Bonn |0 (DE-588)2153289-8 |0 (DE-627)191785644 |0 (DE-576)195650700 |4 oth | |
| 711 | 2 | |a Ausstellung August Macke und die Frühe Moderne in Europa |d 2001 - 2002 |c Münster, Westfalen; Bonn |0 (DE-588)10029084-X |0 (DE-627)335533558 |0 (DE-576)198846185 |4 oth | |
| 787 | 0 | 8 | |i Rezensiert in |a Grave, Johannes, 1976 - |t [Rezension von: Ursula Heiderich, Erich Franz (Red.), August Macke und die frühe Moderne in Europa] |d 2002 |w (DE-627)1785361627 |
| 856 | 4 | 2 | |u https://swbplus.bsz-bw.de/bsz09570907xinh.htm |m B:DE-576;DE-16 |q application/pdf |v 20090909172114 |x Verlag |3 Inhaltsverzeichnis |7 1 |
| 856 | 4 | 2 | |u http://scans.hebis.de/HEBCGI/show.pl?10131842_toc.pdf |m V:DE-576;B:DE-16 |q application/pdf |3 Inhaltsverzeichnis |7 1 |
| 889 | |w (DE-576)471045195 | ||
| 889 | |w (DE-627)399998470 | ||
| 935 | |i Blocktest | ||
| 936 | r | v | |a LI 55550 |b Macke, August |k Kunstgeschichte |k Künstler-Monografien |k Alphabetische Künstlerliste |k Künstler M |k Macke, August |0 (DE-627)1271135450 |0 (DE-625)rvk/96542: |0 (DE-576)201135450 |
| 936 | b | k | |a 20.31 |j Bildende Künstler |0 (DE-627)181571080 |
| 936 | b | k | |a 21.02 |j Geschichte der Malerei |0 (DE-627)106406698 |
| 936 | s | n | |a l300 |2 mzub |
| 951 | |a BO | ||
| 990 | |a Macke, August | ||
| 990 | |a Malerei | ||
| 990 | |a Europa | ||
| 990 | |a Geschichte 1900-1915 | ||
| 990 | |a Geschichte 1900-1915 | ||
| 991 | |a Rezensiertes Werk | ||
| 999 | |a KXP-PPN336205643 |e 4042337945 | ||


